000
00284nam a2200133Ia 4500
100
_a
Freed/ Derfier
942
_c
BK
654
_a
PCMN
245
_a
PC Magzine Guide to using Network
260
_b
Ziff.Davis
_a
California
_c
1991
300
_a
318
546
_a
ENGLISH
999
_c
33452
_d
33452